Central Library OPAC University of Rajshahi

A short history of the English people / (Record no. 24206)

MARC details
000 -LEADER
fixed length control field 00765cam a22002531 4500
001 - CONTROL NUMBER
control field 24206
003 - CONTROL NUMBER IDENTIFIER
rucl marc code BD-RjUL
005 - DATE AND TIME OF LATEST TRANSACTION
control field 20211209001024.0
008 - FIXED-LENGTH DATA ELEMENTS--GENERAL INFORMATION
fixed length control field 140312t1916 nyubj 000 0 eng
035 ## - SYSTEM CONTROL NUMBER
System control number (BD-RjUL)24272
System control number (OCoLC)397865
040 ## - CATALOGING SOURCE
Original cataloging agency DLC
Transcribing agency ODaWU
Modifying agency OCoLC
-- DLC
-- BD-RjUL
Language of cataloging eng
041 ## - LANGUAGE CODE
Language code of text/sound track or separate title eng
082 04 - DEWEY DECIMAL CLASSIFICATION NUMBER
Classification number 942
Author mark and year GRS 1916
100 1# - MAIN ENTRY--PERSONAL NAME
Personal name Green, John Richard,
Dates associated with a name 1837-1883.
9 (RLIN) 74559
245 12 - TITLE STATEMENT
Title A short history of the English people /
Statement of responsibility, etc. by John Richard Green ...
250 ## - EDITION STATEMENT
Edition statement Rev. and enl.,
260 ## - PUBLICATION, DISTRIBUTION, ETC. (IMPRINT)
Place of publication, distribution, etc. New York :
Name of publisher, distributor, etc. American Book Company,
Date of publication, distribution, etc. c1916.
300 ## - PHYSICAL DESCRIPTION
Pagination lv, 1040 p. ;
Size 21 cm.
651 #0 - SUBJECT ADDED ENTRY--GEOGRAPHIC NAME
Geographic name Great Britain
General subdivision History.
9 (RLIN) 74560
700 1# - ADDED ENTRY--PERSONAL NAME
Personal name Green, Alice Stopford,
Dates associated with a name 1848-1929.
942 ## - ADDED ENTRY ELEMENTS (KOHA)
Source of classification or shelving scheme Dewey Decimal Classification
Koha item type Books
Holdings
Lost status Source of classification or shelving scheme Damaged status Not for loan Collection code Permanent Location Current Location Shelving location Date acquired Source of acquisition Total Checkouts Full call number Date last seen Copy number Koha item type Cost, normal purchase price
  Dewey Decimal Classification     Non-fiction Central Library, University of Rajshahi Central Library, University of Rajshahi   06/05/1966 australia   942 GRS 1916 12/03/2014 C-3 Books  
  Dewey Decimal Classification     Non-fiction Central Library, University of Rajshahi Central Library, University of Rajshahi   26/01/1961 Zeitlinger   942 GRS 1947 24/11/2016 C-2 Books 11.50
  Dewey Decimal Classification   Not For Loan Non-fiction Central Library, University of Rajshahi Central Library, University of Rajshahi Reading Room 24/09/1955 B.H. Blackwell   942 GRS 1952 16/02/2017 C-1 Books 185.00